000 00451nam a2200157 i 4500
001 75766
003 ES-MaACL
005 20230906172604.0
007 t|
008 040927s1902 sp ||||1| spa d
100 1 _aGriffiths, Arturo.
_960010
245 1 0 _aMisterios de la policĂ­a y del crimen /
_cpor Arturo Griffiths.
260 _aMadrid :
_b[s.n.],
_c1902 (
_fImp. Nuevo Mundo)
300 _a606 p. :
_bil. ;
_c14 cm.
852 _aES-MaACL
_jC-2387
999 _c75766
_d75766